00779nam a2200253 u 450000100070000000500170000700800410002403500110006504000130007604100080008908200080009710000420010524500950014726000430024230000130028565000400029865000270033865000350036565000340040065000270043470000440046150200120050552600080051772879820260506092844.0020402e20010202 ||||||m| spa  a728798 ccomduadb aspa 4a65810aValencia Vanegas, Aura Ines4auteaut13aLa incidencia de la comunicacion formal en el sentimiento de pertenencia : estudio de caso aMedellín :b[sin publicador],c2001. a90 hojas 7aComunicación organizacional2lemb 7aDesarrollo humano2dcs 7aCultura organizacional2armarc aSensibilizacion institucional aSentido de pertenencia10aMontoya Ferrer, Martha Inés4thseths b336c13 a315